Schaum's outlines Immunology (Record no. 16647)

000 -LEADER
fixed length control field 00351nam a22001457a 4500
003 - CONTROL NUMBER IDENTIFIER
control field OSt
005 - DATE AND TIME OF LATEST TRANSACTION
control field 20170105103446.0
008 - FIXED-LENGTH DATA ELEMENTS--GENERAL INFORMATION
fixed length control field 131203t xxu||||| |||| 00| 0 eng d
020 ## - INTERNATIONAL STANDARD BOOK NUMBER
International Standard Book Number 978-0-07-026223-2
040 ## - CATALOGING SOURCE
Transcribing agency ASAB
100 ## - MAIN ENTRY--PERSONAL NAME
Personal name George Pinchuk
9 (RLIN) 377
245 ## - TITLE STATEMENT
Title Schaum's outlines Immunology
260 ## - PUBLICATION, DISTRIBUTION, ETC.
Name of publisher, distributor, etc. The McGraw-Hill companies
942 ## - ADDED ENTRY ELEMENTS (KOHA)
Source of classification or shelving scheme
Koha item type Book
Holdings
Withdrawn status Lost status Source of classification or shelving scheme Damaged status Not for loan Permanent Location Current Location Date acquired Total Checkouts Full call number Barcode Date last seen Date last checked out Price effective from Koha item type
          Atta-ur-Rahman School of Applied Biosciences (ASAB) Atta-ur-Rahman School of Applied Biosciences (ASAB) 12/03/2013 2 616.07 PIN ASAB668 09/29/2016 09/28/2016 12/03/2013 Book
© 2023 Central Library, National University of Sciences and Technology. All Rights Reserved.